000 00779nam a2200205 a 4500
003 0
005 20250213091549.0
008 120723s19uu xx 00 eng d
050 _aPGS LC 1099.3
_b.J33 2012
100 _aJang, Hyun Jin.
245 _aNationality and academic performance /
_cJang Hyun Jin.
260 _aLas PiƱas City, Philippines :
_bSouthville International School and Colleges,
_c2012.
300 _a25 pages :
_billustrations ;
_c28 cm.
504 _aIncludes bibliographical references.
650 _aEducation
_vEffect of nationality on academic performance.
650 _aStudents
_vNationality and education.
650 _aInternational schools
_vStudent achievement.
650 _aAcademic achievement
_vCross-cultural studies.
942 _2lcc
_cPASS
999 _c98768
_d98768